00515 2200193 4500001002100000005001500021035002000036007000300056008004100059082001300100084001900113100001100132245006100143260003100204300003200235650002000267700002000287990001400307INLIS00000000000233820250723021748 a0010-0725000444ta250723 g 0 ind  a65.012.4 a65.012.4 MAR b0 aMarbun1 aBagaimana Manajer Membagi Waktu secara Efektif /cMarbun aJakarta :bBhratara,c1976 a1, 53 hlm :bilus. ;c21 cm 4aManajemen waktu0 aWachid Djoerban aBUN025560